000 00265nam a22001217a 4500
008 181031b xxu||||| |||| 00| 0 eng d
041 _aeng
080 _a321
100 _a21
101 _aPOL
245 _aPopular American Compioses
_cEwen.D
942 _2udc
_cBK
999 _c51352
_d51352